[Event "4NCL Division Three Bishops"]
[Site "Warwick, ENG"]
[Date "2024.03.09"]
[Round "7.45"]
[White "Holroyd-Doveton, Nathaniel"]
[Black "Walner, Milenko"]
[Result "1/2-1/2"]
[WhiteElo "1706"]
[BlackElo "1794"]
[PlyCount "109"]
[EventDate "2024.03.09"]
[WhiteTeam "Chessable White Rose 3"]
[BlackTeam "The MASCeteers"]

1. c4 e5 2. Nc3 Nc6 3. g3 f5 4. Bg2 Nf6 5. d3 Bb4 6. Bd2 O-O 7. a3 Bxc3 8. Bxc3
d6 9. e3 Qe8 10. Ne2 Qh5 11. d4 Ne4 12. O-O Ng5 13. Nc1 Nh3+ 14. Bxh3 Qxh3 15.
dxe5 Be6 16. b3 Nxe5 17. Bxe5 dxe5 18. f4 Rad8 19. Qe2 e4 20. Rd1 Bf7 21. Rxd8
Rxd8 22. Na2 Rd3 23. Rb1 Bh5 24. Qf2 Bf3 25. Nb4 Rd6 26. Nc2 h5 27. Ne1 Bg4 28.
Rb2 h4 29. Qg2 Qxg2+ 30. Kxg2 Rd1 31. Kf2 hxg3+ 32. hxg3 Kf7 33. c5 Kf6 34. Rc2
Ra1 35. c6 b6 36. a4 Bd1 37. Rd2 Bxb3 38. Rd7 Bxa4 39. Rxc7 Ra2+ 40. Kf1 Bb5+
41. Kg1 Re2 42. Ng2 Rc2 43. Rxa7 Rxc6 44. Rb7 g5 45. Rb8 Bc4 46. Rh8 Kg6 47.
Rb8 b5 48. Rb7 Kh5 49. fxg5 Kxg5 50. Nf4 Kg4 51. Kg2 Bf1+ 52. Kxf1 Kf3 53. Ke1
Kxe3 54. Kd1 Rd6+ 55. Kc1 $11 1/2-1/2

[Event "4NCL Division Three Bishops"]
[Site "Warwick, ENG"]
[Date "2024.03.09"]
[Round "7.46"]
[White "Drugan, Mark A"]
[Black "Gillett, John"]
[Result "1-0"]
[WhiteElo "1752"]
[BlackElo "1668"]
[PlyCount "77"]
[EventDate "2024.03.09"]
[WhiteTeam "The MASCeteers"]
[BlackTeam "Chessable White Rose 3"]

1. e4 e6 2. d4 d5 3. Nd2 Nf6 4. e5 Nfd7 5. Bd3 c5 6. c3 Nc6 7. Ne2 cxd4 8. cxd4
f6 9. exf6 Nxf6 10. Nf3 Bd6 11. O-O O-O 12. Re1 Qc7 13. Bd2 Bd7 14. Rc1 Nh5 15.
Ne5 Be8 16. Ng3 Nxg3 17. hxg3 Bxe5 18. dxe5 Qf7 19. f4 Qh5 20. g4 Qh4 21. Rf1
Qe7 22. Qe1 g6 23. b4 a6 24. a4 Nd4 25. b5 Nb3 26. Bb4 Qd8 27. Rc3 Na5 28. Bxf8
Kxf8 29. Qf2 axb5 30. Qc5+ Kg8 31. axb5 Bd7 32. Rfc1 Kf7 33. Qd6 Ke8 34. f5
gxf5 35. gxf5 exf5 36. e6 Bc8 37. Qxd8+ Kxd8 38. e7+ Kd7 39. Bxf5+ 1-0

[Event "4NCL Division Three Bishops"]
[Site "Warwick, ENG"]
[Date "2024.03.09"]
[Round "7.51"]
[White "Chua, Chee Sian Sebastien"]
[Black "Srimathi R"]
[Result "1-0"]
[WhiteElo "1925"]
[BlackElo "1882"]
[PlyCount "93"]
[EventDate "2024.03.09"]
[WhiteTeam "Oxford 2"]
[BlackTeam "She Plays To Win Lionesses"]

1. e4 c5 2. Nf3 Nc6 3. d4 cxd4 4. Nxd4 g6 5. c4 Bg7 6. Be3 Nf6 7. Nc3 Ng4 8.
Qxg4 Nxd4 9. Qd1 Nc6 10. Rc1 O-O 11. Be2 d6 12. O-O Be6 13. Qd2 Re8 14. Nd5 Rc8
15. b4 b6 16. h3 Qd7 17. Nf4 Ne5 18. Nxe6 Qxe6 19. Qd5 Qd7 20. f4 Nc6 21. Bg4
e6 22. Qd2 Ne7 23. Bd4 Bf8 24. f5 Nc6 25. Bf6 Be7 26. Bc3 Nd8 27. Ba1 Rf8 28.
f6 Re8 29. fxe7 Qxe7 30. Qb2 f6 31. Rxf6 e5 32. Bxc8 Qxf6 33. Rf1 Qe7 34. Bg4
Nc6 35. Qd2 Kg7 36. Bc3 Nd8 37. Rd1 Nf7 38. Qd5 Qg5 39. Bd2 Qe7 40. Be3 Qc7 41.
Rc1 Qe7 42. a4 Ng5 43. Bxg5 Qxg5 44. Rf1 Qe7 45. Rd1 Rd8 46. c5 bxc5 47. bxc5
1-0

[Event "4NCL Division Three Bishops"]
[Site "Warwick, ENG"]
[Date "2024.03.09"]
[Round "7.52"]
[White "Rida, Ruqayyah"]
[Black "Hariharan, Shambavi"]
[Result "1/2-1/2"]
[WhiteElo "1770"]
[BlackElo "1972"]
[PlyCount "73"]
[EventDate "2024.03.09"]
[WhiteTeam "She Plays To Win Lionesses"]
[BlackTeam "Oxford 2"]

1. e4 c6 2. d4 d5 3. Nd2 dxe4 4. Nxe4 Nf6 5. Nxf6+ exf6 6. c3 Bd6 7. Bd3 O-O 8.
Qc2 Re8+ 9. Ne2 g6 10. O-O Nd7 11. c4 Nf8 12. Be3 h5 13. Rfe1 h4 14. Qd2 Bg4
15. h3 Bxe2 16. Bxe2 Bb8 17. Bf4 Bxf4 18. Qxf4 Ne6 19. Qxh4 Qxd4 20. Qxd4 Nxd4
21. Bd3 c5 $11 22. Be4 Rab8 23. Bd5 b6 24. Kf1 Kf8 25. Red1 Re7 26. Rd2 a5 27.
Rad1 f5 28. g3 Rbe8 29. Kg2 Kg7 30. b3 Re2 31. Bf3 Rxd2 32. Rxd2 Re1 33. Bd1
Kf6 34. f4 Kg7 35. h4 Re3 36. Kf2 Rc3 37. Rb2 $11 1/2-1/2

[Event "4NCL Division Three Bishops"]
[Site "Warwick, ENG"]
[Date "2024.03.09"]
[Round "7.53"]
[White "Day, Thomas W"]
[Black "Maton, Emily"]
[Result "0-1"]
[WhiteElo "1983"]
[BlackElo "1703"]
[PlyCount "76"]
[EventDate "2024.03.09"]
[WhiteTeam "Oxford 2"]
[BlackTeam "She Plays To Win Lionesses"]

1. e4 e6 2. d4 d5 3. Nd2 c5 4. c3 cxd4 5. cxd4 Nc6 6. Ngf3 dxe4 7. Nxe4 Nf6 8.
Nxf6+ Qxf6 9. Bg5 Bb4+ 10. Bd2 Bxd2+ 11. Qxd2 O-O 12. Bb5 Bd7 13. O-O Rfd8 14.
Qe3 Ne7 15. Bd3 Bc6 16. Ne5 Nf5 17. Bxf5 Qxf5 18. Rac1 Rac8 19. Rc3 f6 20. g4
Qe4 21. Nxc6 Qxg4+ 22. Kh1 Rxc6 23. Rd3 Qg5 24. Qe4 Qd5 25. Qxd5 Rxd5 26. Rfd1
Rc2 27. Rb3 b6 28. Kg1 Rg5+ 29. Kf1 Rf5 30. f3 Rxh2 31. Rdd3 Rg5 32. Rdc3 h5
33. Rc7 Ra5 34. a3 Ra4 35. Rd7 Rd2 36. Rc3 Raxd4 37. Rxa7 Rxb2 38. Ke1 Rh4 0-1

[Event "4NCL Division Three Bishops"]
[Site "Warwick, ENG"]
[Date "2024.03.09"]
[Round "7.54"]
[White "Vyas, Alisha"]
[Black "Davis, Cameron"]
[Result "1/2-1/2"]
[WhiteElo "1803"]
[BlackElo "1925"]
[PlyCount "76"]
[EventDate "2024.03.09"]
[WhiteTeam "She Plays To Win Lionesses"]
[BlackTeam "Oxford 2"]

1. e4 c5 2. c3 Nf6 3. e5 Nd5 4. d4 cxd4 5. cxd4 d6 6. Nf3 Nc6 7. Bc4 dxe5 8.
dxe5 Be6 9. O-O g6 10. Ng5 Bg7 11. Nxe6 fxe6 12. Bb5 Qc7 13. Nd2 O-O 14. Qg4
Qxe5 15. Bxc6 bxc6 16. Nf3 Qf5 17. Qa4 c5 18. Qb5 Rac8 19. Bd2 Qg4 20. h3 Qf5
21. Rae1 e5 22. Ng5 Bh6 23. Qb7 Bxg5 24. Bxg5 e6 25. Bh6 Rc7 26. Qb5 Rfc8 27.
Qe2 Rb7 28. b3 Kf7 29. Qxe5 Qxe5 30. Rxe5 c4 31. bxc4 Rxc4 32. Rfe1 Rc6 33. Be3
Nxe3 34. R1xe3 Rb2 35. Rf3+ Ke7 36. Ra5 a6 37. Kh2 Rcc2 38. Rxa6 Rxa2 1/2-1/2

[Event "4NCL Division Three Bishops"]
[Site "Warwick, ENG"]
[Date "2024.03.09"]
[Round "7.55"]
[White "Terry, Sean"]
[Black "Ashton, Alannah"]
[Result "0-1"]
[WhiteElo "1920"]
[BlackElo "1731"]
[PlyCount "76"]
[EventDate "2024.03.09"]
[WhiteTeam "Oxford 2"]
[BlackTeam "She Plays To Win Lionesses"]

1. e4 c5 2. Nc3 Nc6 3. Nf3 g6 4. d4 cxd4 5. Nxd4 Bg7 6. Be3 d6 7. Qd2 Nf6 8. h3
O-O 9. Be2 d5 10. exd5 Nxd5 11. Nxc6 bxc6 12. Bd4 Nf4 13. Qxf4 Bxd4 14. O-O Bf5
15. Rad1 e5 16. Qh6 Bxc2 17. Rd2 Bf5 18. Bc4 Qf6 19. g4 Bxc3 20. bxc3 Be4 21.
f4 Rad8 22. Re2 Bd3 23. Bxd3 Rxd3 24. fxe5 Rg3+ 25. Rg2 Qxe5 26. Qf4 Qc5+ 27.
Kh2 Rxc3 28. Rg3 Rc2+ 29. Rg2 Rxg2+ 30. Kxg2 Qd5+ 31. Kg1 Qxa2 32. Qc7 Qa3 33.
Kg2 Qc5 34. Qf4 Qd5+ 35. Kg3 Re8 36. Kh4 Re5 37. Kg3 Re4 38. Qf6 Qe5+ 0-1

[Event "4NCL Division Three Bishops"]
[Site "Warwick, ENG"]
[Date "2024.03.09"]
[Round "7.56"]
[White "Acharya, Kandara"]
[Black "Dickinson, Tim R"]
[Result "0-1"]
[WhiteElo "1589"]
[BlackElo "2014"]
[PlyCount "84"]
[EventDate "2024.03.09"]
[WhiteTeam "She Plays To Win Lionesses"]
[BlackTeam "Oxford 2"]

1. c4 f5 2. d4 e6 3. Nf3 Nf6 4. g3 Be7 5. Bg2 O-O 6. O-O c6 7. Nc3 d5 8. b3 a5
9. Bb2 Ne4 10. Nxe4 fxe4 11. Ne5 Nd7 12. Nxd7 Bxd7 13. f3 exf3 14. Bxf3 Be8 15.
e4 Bg6 16. Qe2 Bf6 17. cxd5 exd5 18. e5 Be7 19. Bh5 Qe8 20. Rxf8+ Bxf8 21. Bxg6
Qxg6 22. Rf1 a4 23. Qf3 Be7 24. Qd1 axb3 25. Qxb3 b5 26. Bc1 Ra4 27. Qb2 Rc4
28. Qf2 h6 29. Qf4 Kh7 30. Re1 Rc2 31. Qf3 Rxa2 32. Re2 Rxe2 33. Qxe2 Qb1 34.
Qf1 b4 35. Bd2 Qxf1+ 36. Kxf1 Kg6 37. Ke2 Kf5 38. Kf3 c5 39. g4+ Ke6 40. Ke3
Bg5+ 41. Kd3 Bxd2 42. Kxd2 cxd4 0-1

[Event "4NCL Division Three Bishops"]
[Site "Warwick, ENG"]
[Date "2024.03.09"]
[Round "7.61"]
[White "Madden, Paul"]
[Black "Grillage, Andrew"]
[Result "1-0"]
[WhiteElo "2106"]
[BlackElo "2005"]
[PlyCount "49"]
[EventDate "2024.03.09"]
[WhiteTeam "Ashfield 1"]
[BlackTeam "Shropshire & Friends"]

1. e4 d5 2. exd5 Qxd5 3. Nf3 Bg4 4. Be2 c6 5. Nc3 Qd8 6. h3 Bxf3 7. Bxf3 Nf6 8.
d4 e6 9. Bf4 Bd6 10. Qd2 Qc7 11. Nb5 cxb5 12. Bxd6 Qb6 13. a4 Nbd7 14. Ba3 a5
15. axb5 Qxb5 16. Be2 Qc6 17. O-O Nd5 18. c4 Ne7 19. Bf3 Qc7 20. d5 Qxc4 21.
Rac1 Qa6 22. dxe6 fxe6 23. Rc7 Rd8 24. Rd1 Qb5 25. Qd6 1-0

[Event "4NCL Division Three Bishops"]
[Site "Warwick, ENG"]
[Date "2024.03.09"]
[Round "7.62"]
[White "Higgie, Charles L"]
[Black "Coates, David H"]
[Result "1-0"]
[WhiteElo "1921"]
[BlackElo "2031"]
[PlyCount "45"]
[EventDate "2024.03.09"]
[WhiteTeam "Shropshire & Friends"]
[BlackTeam "Ashfield 1"]

1. d4 Nf6 2. c4 g6 3. Nc3 Bg7 4. e4 d6 5. f3 O-O 6. Be3 c5 7. Nge2 Qa5 8. Qd2
Nc6 9. d5 Ne5 10. Nc1 a6 11. h3 Nh5 12. f4 Ng3 13. fxe5 Nxh1 14. exd6 exd6 15.
Bf4 Re8 16. Bd3 Qd8 17. Kf1 Qh4 18. Bg5 Ng3+ 19. Kg1 Bxc3 20. bxc3 Nxe4 21.
Bxe4 Qxe4 22. Nd3 Qxc4 23. Bf6 1-0

[Event "4NCL Division Three Bishops"]
[Site "Warwick, ENG"]
[Date "2024.03.09"]
[Round "7.63"]
[White "Naylor-Eade, Michael A"]
[Black "Taylor, Robert K"]
[Result "1-0"]
[WhiteElo "2031"]
[BlackElo "1902"]
[PlyCount "77"]
[EventDate "2024.03.09"]
[WhiteTeam "Ashfield 1"]
[BlackTeam "Shropshire & Friends"]

1. e4 e5 2. Nf3 Nc6 3. Bb5 a6 4. Ba4 Nf6 5. O-O Nxe4 6. Re1 Nc5 7. Bxc6 dxc6 8.
Nxe5 Be7 9. d4 Ne6 10. Be3 O-O 11. c4 f6 12. Nf3 f5 13. Nc3 f4 14. Bc1 Bf6 15.
d5 Nc5 16. Nd4 a5 17. Bxf4 Bxd4 18. Qxd4 Ne6 19. Rxe6 Bxe6 20. Be5 cxd5 21.
cxd5 c5 22. Qxc5 Bf5 23. Bc7 Qg5 24. d6 Qg4 25. h3 Qb4 26. Qxb4 axb4 27. Nd5 b3
28. a4 Kf7 29. a5 Rac8 30. Ne3 Ke6 31. Ra4 Kd7 32. Rb4 Bc2 33. Rxb7 Ra8 34. Rb4
Ra6 35. Nc4 Rf5 36. Nb6+ Ke6 37. d7 Rd5 38. Nxd5 Kxd7 39. Bb6 1-0

[Event "4NCL Division Three Bishops"]
[Site "Warwick, ENG"]
[Date "2024.03.09"]
[Round "7.64"]
[White "Pugh, Glyn D"]
[Black "Truman, Richard G"]
[Result "0-1"]
[WhiteElo "1868"]
[BlackElo "1970"]
[PlyCount "70"]
[EventDate "2024.03.09"]
[WhiteTeam "Shropshire & Friends"]
[BlackTeam "Ashfield 1"]

1. d4 Nf6 2. c4 g6 3. h4 c5 4. d5 b5 5. cxb5 a6 6. e3 Bg7 7. Nc3 d6 8. Be2 axb5
9. Bxb5+ Bd7 10. Be2 Qa5 11. h5 Nxd5 12. Qxd5 Bxc3+ 13. Kf1 Bc6 14. Qd3 Bf6 15.
hxg6 hxg6 16. Rxh8+ Bxh8 17. Bd2 Qb6 18. Bc3 Bxc3 19. Qxc3 e5 20. Nf3 Nd7 21.
Nd2 Qb7 22. e4 Nb6 23. b3 Rd8 24. Re1 Kf8 25. Qe3 Kg7 26. Bd3 Qe7 27. Qg3 Rh8
28. Kg1 Rh5 29. f4 exf4 30. Qxf4 Rh4 31. Qg3 Bd7 32. e5 Rg4 33. Qf3 dxe5 34.
Qb7 Qd6 35. Nf3 Qxd3 0-1

[Event "4NCL Division Three Bishops"]
[Site "Warwick, ENG"]
[Date "2024.03.09"]
[Round "7.65"]
[White "Walker, Andrew N"]
[Black "Lagura, Marcelo"]
[Result "0-1"]
[WhiteElo "1931"]
[BlackElo "1756"]
[PlyCount "56"]
[EventDate "2024.03.09"]
[WhiteTeam "Ashfield 1"]
[BlackTeam "Shropshire & Friends"]

1. e4 c5 2. Nc3 a6 3. g3 g6 4. Bg2 Bg7 5. d3 Nc6 6. Be3 d6 7. Qd2 e6 8. Nge2 h6
9. O-O Nge7 10. Nd1 b5 11. c3 Bd7 12. f4 f5 13. Nf2 Rb8 14. e5 dxe5 15. Bxc5
O-O 16. Bd6 Rc8 17. fxe5 Bxe5 18. Bxe5 Nxe5 19. Qxh6 Bc6 20. Nd4 Bd5 21. Qe3
N7c6 22. Nxc6 Nxc6 23. Bxd5 Qxd5 24. d4 e5 25. dxe5 Nxe5 26. Nh3 Rfe8 27. Ng5
Nf7 28. Qf3 Qc5+ 0-1

[Event "4NCL Division Three Bishops"]
[Site "Warwick, ENG"]
[Date "2024.03.09"]
[Round "7.66"]
[White "Bryant, Richard B E"]
[Black "Garnett, John S"]
[Result "0-1"]
[WhiteElo "1837"]
[BlackElo "1950"]
[PlyCount "48"]
[EventDate "2024.03.09"]
[WhiteTeam "Shropshire & Friends"]
[BlackTeam "Ashfield 1"]

1. e4 d5 2. exd5 Nf6 3. d4 Bg4 4. Be2 Bxe2 5. Nxe2 Qxd5 6. O-O Nc6 7. Bf4 O-O-O
8. c3 e5 9. Be3 exd4 10. Nxd4 Bc5 11. Nxc6 Qxd1 12. Nxd8 Qxd8 13. Bxc5 Re8 14.
Bd4 Qd6 15. Na3 Ng4 16. g3 Qh6 17. h4 g5 18. f3 Ne5 19. f4 gxf4 20. Rxf4 Qg6
21. Kh2 Nd3 22. Rf6 Re2+ 23. Kh3 Qe4 24. Rxf7 Qe6+ 0-1

[Event "4NCL Division Three Bishops"]
[Site "Warwick, ENG"]
[Date "2024.03.10"]
[Round "8.11"]
[White "Srimathi R"]
[Black "Okhai, Shabir"]
[Result "0-1"]
[WhiteElo "1882"]
[BlackElo "2104"]
[PlyCount "74"]
[EventDate "2024.03.10"]
[WhiteTeam "She Plays To Win Lionesses"]
[BlackTeam "The Rookies"]

1. e4 e5 2. Nf3 Nc6 3. d4 exd4 4. Bc4 Nf6 5. e5 d5 6. Bb5 Ne4 7. Nxd4 Bd7 8.
Bxc6 bxc6 9. O-O Bc5 10. f3 Ng5 11. f4 Ne4 12. Be3 Bb6 13. Nd2 Nxd2 14. Qxd2 c5
15. Ne2 d4 16. Bf2 O-O 17. c4 f6 18. Bh4 Qe8 19. exf6 Qh5 20. fxg7 Rfe8 21. Ng3
Qxh4 22. f5 Kxg7 23. Rf4 Qg5 24. Qf2 Kh8 25. Ne4 Rxe4 26. Rxe4 Rf8 27. Rae1 Ba5
28. Rd1 Qxf5 29. Qe2 Qf6 30. Rf1 Qxf1+ 31. Qxf1 Rxf1+ 32. Kxf1 d3 33. h3 Bf5
34. Re8+ Kg7 35. g4 d2 36. Rd8 Bc2 37. Rd7+ Kf6 0-1

[Event "4NCL Division Three Bishops"]
[Site "Warwick, ENG"]
[Date "2024.03.10"]
[Round "8.12"]
[White "Byron, Alan M"]
[Black "Rida, Ruqayyah"]
[Result "1-0"]
[WhiteElo "2118"]
[BlackElo "1770"]
[PlyCount "115"]
[EventDate "2024.03.10"]
[WhiteTeam "The Rookies"]
[BlackTeam "She Plays To Win Lionesses"]

1. d4 Nf6 2. c4 g6 3. Nc3 Bg7 4. e4 d6 5. h3 O-O 6. Be3 e5 7. d5 Nbd7 8. g4 Nc5
9. f3 a5 10. Qd2 Ne8 11. Nge2 f5 12. O-O-O f4 13. Bf2 Bd7 14. h4 Rf7 15. g5 Bf8
16. Kb1 Ng7 17. Nc1 Nh5 18. Nd3 Qe8 19. Nxc5 dxc5 20. Bh3 Bd6 21. Rdg1 Bxh3 22.
Rxh3 Qd7 23. Rg4 Kh8 24. Qd3 Nf6 25. gxf6 h5 26. Rxg6 Qxh3 27. Rg5 Rh7 28. Qd1
Qd7 29. Qg1 b6 30. Rg6 Qf7 31. Qg5 Rg8 32. Rxg8+ Qxg8 33. Qf5 Qf8 34. Ne2 Rh6
35. Nxf4 exf4 36. e5 Be7 37. Qxf4 Bd8 38. Be3 Rg6 39. Qf5 Qf7 40. Bg5 Kh7 41.
f4 Kh8 42. Qe6 Kg8 43. Kc2 Kf8 44. Qc8 Qe8 45. b3 Bxf6 46. Qxe8+ Kxe8 47. Bxf6
Rg2+ 48. Kb1 Kf7 49. Bg5 Rf2 50. a3 Ke8 51. Kc1 Kd7 52. e6+ Kd6 53. Kd1 Rf3 54.
Ke2 Rxb3 55. f5 Rxa3 56. f6 Ra2+ 57. Ke3 Ra3+ 58. Ke4 1-0

[Event "4NCL Division Three Bishops"]
[Site "Warwick, ENG"]
[Date "2024.03.10"]
[Round "8.13"]
[White "Maton, Emily"]
[Black "Agnew, Alan"]
[Result "1/2-1/2"]
[WhiteElo "1703"]
[BlackElo "2161"]
[PlyCount "74"]
[EventDate "2024.03.10"]
[WhiteTeam "She Plays To Win Lionesses"]
[BlackTeam "The Rookies"]

1. d4 d5 2. c4 e6 3. Nc3 Be7 4. cxd5 exd5 5. Qc2 c6 6. a3 g6 7. e3 Bf5 8. Bd3
Bxd3 9. Qxd3 Nf6 10. Nge2 O-O 11. O-O Re8 12. f3 Nbd7 13. e4 dxe4 14. fxe4 c5
15. d5 Ne5 16. Qg3 c4 17. Be3 Bd6 18. Qg5 Nfd7 19. Qxd8 Rexd8 20. Nb5 Bc5 21.
Nbd4 Re8 22. Nc2 Nd3 23. Nc3 b5 24. Bxc5 N7xc5 25. Nxb5 Rad8 26. Nxa7 Rxe4 27.
Nb4 Nxb4 28. axb4 Nd3 29. b5 Rxd5 30. b6 Re7 31. Nc6 Rb7 32. Ra7 Rdd7 33. Na5
Rxa7 34. bxa7 Rxa7 35. Nxc4 Rb7 36. Rd1 Rb4 37. Rxd3 Rxc4 $11 1/2-1/2

[Event "4NCL Division Three Bishops"]
[Site "Warwick, ENG"]
[Date "2024.03.10"]
[Round "8.14"]
[White "Burrows, Martin P"]
[Black "Vyas, Alisha"]
[Result "1/2-1/2"]
[WhiteElo "2132"]
[BlackElo "1803"]
[PlyCount "71"]
[EventDate "2024.03.10"]
[WhiteTeam "The Rookies"]
[BlackTeam "She Plays To Win Lionesses"]

1. e4 c5 2. Nf3 d6 3. d4 cxd4 4. Nxd4 Nf6 5. Nc3 g6 6. Be3 Bg7 7. f3 Nc6 8. Qd2
O-O 9. O-O-O Bd7 10. g4 Qa5 11. Nb3 Qd8 12. Bh6 Rc8 13. Kb1 Ne5 14. Be2 b5 15.
h4 b4 16. Nd5 Nxd5 17. exd5 Qc7 18. Bxg7 Kxg7 19. h5 Rh8 20. h6+ Kf8 21. Rc1 a5
22. c3 Qd8 23. cxb4 axb4 24. Rxc8 Bxc8 25. Qxb4 f6 26. Nd4 Kf7 27. f4 Nd7 28.
Ne6 Qb6 29. Qd2 Bb7 30. Rc1 Rc8 31. Bc4 Ba6 32. Bxa6 Qxa6 33. Rxc8 Qxc8 34. a4
Qc4 35. a5 Qe4+ 36. Ka2 $11 1/2-1/2

[Event "4NCL Division Three Bishops"]
[Site "Warwick, ENG"]
[Date "2024.03.10"]
[Round "8.16"]
[White "Gibson, Christopher A"]
[Black "Acharya, Kandara"]
[Result "1-0"]
[WhiteElo "1910"]
[BlackElo "1589"]
[PlyCount "103"]
[EventDate "2024.03.10"]
[WhiteTeam "The Rookies"]
[BlackTeam "She Plays To Win Lionesses"]

1. e4 c5 2. c3 g6 3. d4 cxd4 4. cxd4 d5 5. e5 Nc6 6. Nc3 Nh6 7. Bb5 a6 8. Bxc6+
bxc6 9. h3 Bg7 10. Nf3 O-O 11. O-O Nf5 12. Re1 e6 13. Na4 Nh4 14. Nh2 f6 15. g3
Nf5 16. Nf3 fxe5 17. Nxe5 Qf6 18. Nc5 Nd6 19. Be3 Nf5 20. Ncd7 Bxd7 21. Nxd7
Qf7 22. Nxf8 Rxf8 23. Qd2 e5 24. dxe5 Bxe5 25. Bc5 Bd6 26. Bxd6 Nxd6 27. Re2
Ne4 28. Qe3 Qf5 29. Kg2 Ng5 30. g4 Qf6 31. f3 d4 32. Qb3+ Kg7 33. Rf1 c5 34. h4
Nf7 35. g5 Qf5 36. Qe6 d3 37. Qxf5 gxf5 38. Re7 Rc8 39. f4 c4 40. Rd7 Re8 41.
Rf2 Rc8 42. Kf3 Rc6 43. Rf1 Rd6 44. Rc7 Rd4 45. b3 d2 46. Ke2 Kg6 47. Rxc4 Rxc4
48. bxc4 Kh5 49. c5 Kxh4 50. Rh1+ Kg4 51. Rxh7 Nd8 52. g6 1-0

[Event "4NCL Division Three Bishops"]
[Site "Warwick, ENG"]
[Date "2024.03.10"]
[Round "8.21"]
[White "Grillage, Andrew"]
[Black "Airlie, Arran"]
[Result "1/2-1/2"]
[WhiteElo "2005"]
[BlackElo "1824"]
[PlyCount "105"]
[EventDate "2024.03.10"]
[WhiteTeam "Shropshire & Friends"]
[BlackTeam "Sussex Martlets 3"]

1. d4 d5 2. Nf3 c5 3. c4 dxc4 4. e3 cxd4 5. exd4 Be6 6. Nc3 Nf6 7. Ne5 Nbd7 8.
Nxc4 Bd5 9. Ne3 e6 10. Nexd5 Nxd5 11. Nxd5 exd5 12. a3 Be7 13. g3 O-O 14. Bg2
Qa5+ 15. Bd2 Qb5 16. Be3 Qxb2 17. O-O Nb6 18. a4 Rad8 19. Re1 Qb4 20. Qg4 Bf6
21. Reb1 Qe7 22. Bd2 Qd7 23. Qxd7 Rxd7 24. Be3 Nc4 25. Rb5 Rfd8 26. Rc1 b6 27.
Bh3 Re7 28. Bg2 Red7 29. h4 g6 30. Bf1 Na5 31. Bh3 Rd6 32. Rb2 Nc4 33. Rbc2 Re8
34. Rc3 a6 35. Rb1 Nxe3 36. fxe3 Rb8 37. Rc7 b5 38. axb5 axb5 39. Rc5 b4 40.
Bg2 b3 41. Rb2 Rb4 42. Kf1 Kg7 43. Bxd5 Rxd4 44. exd4 Bxd4 45. Rc6 Rxc6 46.
Rxb3 Rc5 47. Bf3 Rc2 48. Bd5 Rf2+ 49. Ke1 Rf5 50. Bf3 Re5+ 51. Kf1 Re7 52. Kg2
f5 53. Rb7 1/2-1/2

[Event "4NCL Division Three Bishops"]
[Site "Warwick, ENG"]
[Date "2024.03.10"]
[Round "8.22"]
[White "Gray, Edward"]
[Black "Higgie, Charles L"]
[Result "1/2-1/2"]
[WhiteElo "1867"]
[BlackElo "1921"]
[PlyCount "36"]
[EventDate "2024.03.10"]
[WhiteTeam "Sussex Martlets 3"]
[BlackTeam "Shropshire & Friends"]

1. d4 Nf6 2. g3 c5 3. e3 d5 4. Bg2 Nc6 5. Nf3 Bg4 6. O-O Qc8 7. b3 cxd4 8. exd4
g6 9. Bb2 Bg7 10. c4 O-O 11. a3 dxc4 12. bxc4 Na5 13. c5 Nc4 14. Bc3 Ne4 15.
Qa4 Nxc3 16. Qxc4 Ne4 17. Nbd2 Nxd2 18. Nxd2 Bh3 $11 1/2-1/2

[Event "4NCL Division Three Bishops"]
[Site "Warwick, ENG"]
[Date "2024.03.10"]
[Round "8.23"]
[White "Taylor, Robert K"]
[Black "Michaud, Gerald"]
[Result "1/2-1/2"]
[WhiteElo "1902"]
[BlackElo "1856"]
[PlyCount "80"]
[EventDate "2024.03.10"]
[WhiteTeam "Shropshire & Friends"]
[BlackTeam "Sussex Martlets 3"]

1. e4 e6 2. d4 d5 3. Nc3 Bb4 4. Nge2 Ne7 5. a3 Bxc3+ 6. Nxc3 O-O 7. e5 c5 8.
Bg5 cxd4 9. Qxd4 Nbc6 10. Qh4 a6 11. O-O-O h6 12. Bxe7 Qxe7 13. Qxe7 Nxe7 14.
f4 b5 15. Bd3 Bb7 16. Ne2 Nc6 17. c3 Rac8 18. Kb1 f6 19. exf6 Rxf6 20. Bc2 Rcf8
21. Rhg1 Na5 22. b3 Nc6 23. g3 Re8 24. h4 a5 25. Bd3 b4 26. axb4 axb4 27. c4
Na5 28. Nd4 Rc8 29. Rc1 Ba6 30. Rgd1 dxc4 31. bxc4 Rc5 32. Rd2 e5 33. fxe5 Rxe5
34. Rb2 Rd6 35. Nf3 Re3 36. Be2 b3 37. c5 Bxe2 38. Rxe2 Rxe2 39. cxd6 Nb7 40.
Rc3 Nxd6 $11 1/2-1/2

[Event "4NCL Division Three Bishops"]
[Site "Warwick, ENG"]
[Date "2024.03.10"]
[Round "8.24"]
[White "Woods, Timothy J"]
[Black "Pugh, Glyn D"]
[Result "1/2-1/2"]
[WhiteElo "1665"]
[BlackElo "1868"]
[PlyCount "40"]
[EventDate "2024.03.10"]
[WhiteTeam "Sussex Martlets 3"]
[BlackTeam "Shropshire & Friends"]

1. e4 e6 2. d4 d5 3. Nc3 h6 4. a3 dxe4 5. Nxe4 Nc6 6. Nf3 Nf6 7. Ng3 Be7 8. Be2
O-O 9. O-O b6 10. c4 g5 11. h3 Bb7 12. Be3 Rb8 13. Qc2 Qc8 14. Rfd1 Nd8 15. Ne5
c5 16. Bf3 cxd4 17. Bxb7 Qxb7 18. Bxd4 Nc6 19. Nxc6 Qxc6 20. Qe2 Rfc8 1/2-1/2

[Event "4NCL Division Three Bishops"]
[Site "Warwick, ENG"]
[Date "2024.03.10"]
[Round "8.25"]
[White "Lagura, Marcelo"]
[Black "Wannasin Bell, Charlie"]
[Result "0-1"]
[WhiteElo "1756"]
[BlackElo "1491"]
[PlyCount "148"]
[EventDate "2024.03.10"]
[WhiteTeam "Shropshire & Friends"]
[BlackTeam "Sussex Martlets 3"]

1. d4 Nf6 2. c4 c5 3. e3 e6 4. Nc3 cxd4 5. exd4 Bb4 6. Bd3 d5 7. Nf3 O-O 8. O-O
Nc6 9. Bg5 dxc4 10. Bxc4 Be7 11. Rc1 Nd5 12. Bd2 Nb6 13. Bb3 Nxd4 14. Nxd4 Qxd4
15. Nb5 Qe5 16. a4 Rd8 17. Bc3 Rxd1 18. Bxe5 Rxf1+ 19. Kxf1 Bd7 20. Rc7 Bd8 21.
Rxb7 Bc6 22. Rb8 Rxb8 23. Bxb8 a6 24. Nc3 Bf6 25. a5 Bxc3 26. bxc3 Bb5+ 27. Ke1
Nc4 28. Bc7 Kf8 29. Bc2 g6 30. h4 Ke7 31. Be4 Kd7 32. Bb6 Bc6 33. Bd3 Nxb6 34.
axb6 Bb7 35. Bc2 Kc6 36. Ba4+ Kxb6 37. Be8 f6 38. g4 g5 39. h5 h6 40. Ke2 Kc5
41. Ke3 e5 42. Bd7 a5 43. Kd3 Bc6 44. Be6 a4 45. Kc2 Bd5 46. Bf5 a3 47. Bc8 a2
48. Kb2 Kd6 49. Ba6 Kc5 50. Bc8 Kd6 51. Ba6 e4 52. Be2 Be6 53. Ka1 Ke5 54. Kb2
Bf7 55. Ka1 Be6 56. Kb2 Kf4 57. c4 Bxg4 58. Bxg4 a1=Q+ 59. Kxa1 Kxg4 60. Kb2
Kf4 61. Kc3 Ke5 62. Kb4 Kd6 63. Kb5 Kc7 64. Kc5 g4 65. Kd4 f5 66. Ke3 Kc6 67.
Kf4 Kc5 68. Kxf5 e3 69. fxe3 g3 70. Kg6 g2 71. e4 g1=Q+ 72. Kxh6 Kd6 73. e5+
Kxe5 74. c5 Kf6 0-1

[Event "4NCL Division Three Bishops"]
[Site "Warwick, ENG"]
[Date "2024.03.10"]
[Round "8.26"]
[White "Horner, Dylan"]
[Black "Bryant, Richard B E"]
[Result "0-1"]
[WhiteElo "1007"]
[BlackElo "1837"]
[PlyCount "57"]
[EventDate "2024.03.10"]
[WhiteTeam "Sussex Martlets 3"]
[BlackTeam "Shropshire & Friends"]

1. e4 e6 2. Nc3 d5 3. Nf3 d4 4. Ne2 c5 5. g3 Nc6 6. Bg2 e5 7. O-O Bg4 8. h3 Bh5
9. Nh2 Bd6 10. Bf3 Bg6 11. d3 Nge7 12. Kg2 O-O 13. Bg5 f6 14. Bd2 Bf7 15. Ng1
Qb6 16. b3 a5 17. Qe2 a4 18. Ng4 Nb4 19. Rfc1 Ra6 20. Bxb4 cxb4 21. bxa4 Rxa4
22. Rcb1 Rxa2 23. Rxa2 Bxa2 24. Ra1 Be6 25. Qd2 Rc8 26. Bd1 Nc6 27. Ne2 Rf8 28.
Ng1 Na7 29. Ra2 0-1

[Event "4NCL Division Three Bishops"]
[Site "Warwick, ENG"]
[Date "2024.03.10"]
[Round "8.31"]
[White "Hazlehurst, Cory S"]
[Black "Paterson, Andrew I"]
[Result "1-0"]
[WhiteElo "2094"]
[BlackElo "2145"]
[PlyCount "63"]
[EventDate "2024.03.10"]
[WhiteTeam "The MASCeteers"]
[BlackTeam "Warwickshire Select 2"]

1. d4 d5 2. Nf3 c6 3. c4 e6 4. e3 Bd6 5. Nbd2 Nd7 6. b3 f5 7. Bd3 Ngf6 8. O-O
O-O 9. Bb2 Ne4 10. Ne5 Ndf6 11. f3 Nxd2 12. Qxd2 Bd7 13. b4 Be8 14. a4 Nd7 15.
Nxd7 Bxd7 16. Ba3 f4 17. e4 e5 18. exd5 cxd5 19. c5 Bc7 20. Bb2 Qg5 21. Bb5
Bxb5 22. axb5 e4 23. fxe4 dxe4 24. d5 e3 25. Qd1 Rae8 26. Qf3 e2 27. Rfe1 Re3
28. Qf2 f3 29. d6 Bb8 30. Bc1 fxg2 31. Bxe3 Qg4 32. Qxg2 1-0